• 首页
  • 本馆介绍
  • 公告通知
  • 最新文献
  • 馆藏检索
  • 电子资源
  • 读者导购
  • 参考咨询
  • 我的图书馆
  • 登录
  • 详细信息显示
  • 放入我的书架
  • 预约/预借图书
  • 作者相关作品
  • 分类相关作品
  • 丛书相关作品
  • 出版社相关作品

书目信息

  • 表格格式
  • 工作单格式
  • 卡片格式
题名:
老福州
    
 
作者: 韩淑芳 主编
分册:  
出版信息: 北京   中国文史出版社  2018
页数: 272页
开本: 24cm
丛书名: 民国趣读
单 册:
中图分类: K295.71
科图分类:
主题词: 地方文化--文化史--福州市
电子资源:
ISBN: 978-7-5034-9710-0
000 00940oam2 2200253 450
001 1943
005 20180522153742.09
010    @a978-7-5034-9710-0@dCNY46.80
100    @a20180217d2018 em y0chiy50 ea
101 0  @achi
102    @aCN@b110000
105    @aa z 000yy
200 1  @a老福州@9lao fu zhou@f韩淑芳主编
210    @a北京@c中国文史出版社@d2018
215    @a272页@c图@d24cm
225 2  @a民国趣读@i老城记
330    @a本书是一本全面讲述老福州名胜古迹、市井百态、百姓生活的图书。全书从亲历亲睹的角度,分别描绘了老福州当年的福州老街、老城风光、老行当、政治风云、娱乐休闲、馋嘴美食、百姓生活、文化百态......片段小文生动有趣地展示了老福州曾经辉煌的市井文化,鲜活地再现了老福州城及老福州人的生活。
461  0 @12001 @a民国趣读
462  0 @12001 @a老城记
606 0  @a地方文化@x文化史@y福州市
690    @aK295.71@v5
701  0 @a韩淑芳@9han shu fang@4主编
801  0 @aCN@b91MARC@c20180217
905    @aMuseLib@dK295.71@e358
    
    老福州/韩淑芳主编.-北京:中国文史出版社,2018
    272页:图;24cm.-(民国趣读.老城记)
    
    
    ISBN 978-7-5034-9710-0:CNY46.80
    本书是一本全面讲述老福州名胜古迹、市井百态、百姓生活的图书。全书从亲历亲睹的角度,分别描绘了老福州当年的福州老街、老城风光、老行当、政治风云、娱乐休闲、馋嘴美食、百姓生活、文化百态......片段小文生动有趣地展示了老福州曾经辉煌的市井文化,鲜活地再现了老福州城及老福州人的生活。
●
相关链接 在E读中查询图书 在五车中查询图书 在当当中查询图书 在豆瓣中查询图书


正题名:老福州     索取号:K295.71/358         预约/预借

序号 登录号 条形码 馆藏地/架位号 状态 备注
1 1107325   211073256   第二样本阅览室/ [索取号:K295.71/358] 在馆    
2 1107326   211073265   教育系资料室/ [索取号:K295.71/358] 在馆    
3 1107327   211073274   教育系资料室/ [索取号:K295.71/358] 在馆    
4 1107328   211073283   第二借阅区/ [索取号:K295.71/358] 在馆    
唐山师范学院图书馆 欢迎您!
大连网信软件有限公司© 版权所有